| 000 | 01299nam a2200205Ia 4500 | ||
|---|---|---|---|
| 008 | 220216s9999 xx 000 0 und d | ||
| 100 | _aDenis C | ||
| 245 | 4 | _aThe South American leaf blight of rubber tree, due to Microcyclus ulei | |
| 260 |
_bPhytoma _c2001 |
||
| 300 | _a37-40 | ||
| 500 | _aSource Year: 2001 | ||
| 520 | _aThe South American Leaf Blight of rubber tree, caused by Microcyclus ulei, was mainly responsible for the decline in rubber production in SOuth America. This disease, which causes the defoliation of the trees and can be fatal, greatly increased as rubber plantations developed in South America. None of the control methods previously tested have been able to effectively control the disease. For about 20 years, the Center of International Cooperation for Agronomic Research and Development has been working onthe interactions between the host Hevea and the pathogen in Kourou, French Guiana. Currently, two main studies deal with the genetic determinism of the resistance of Hevea to M. ulei and the behaviour of 5 specific clones in the field, as well as the variability of the fungus. | ||
| 650 | _aHevea | ||
| 650 | _aMicrocyclus ulei | ||
| 650 | _aSouth American Leaf blight | ||
| 700 | _aPinard F | ||
| 700 | _aTroispoux V | ||
| 856 | _uRPP | ||
| 942 | _cJS | ||
| 999 |
_c71048 _d71048 |
||